Detalles MARC
| 000 -CABECERA |
| campo de control de longitud fija |
01306nam a2200229 a 4500 |
| 001 - NÚMERO DE CONTROL |
| campo de control |
000045258 |
| 005 - FECHA Y HORA DE LA ÚLTIMA TRANSACCIÓN |
| campo de control |
20201002050018.0 |
| 008 - DATOS DE LONGITUD FIJA--INFORMACIÓN GENERAL |
| campo de control de longitud fija |
081124s1998 dr a r 000 0 spa d |
| 040 ## - FUENTE DE LA CATALOGACIÓN |
| Centro catalogador/agencia de origen |
DO-SdBNP |
| Lengua de catalogación |
spa |
| Centro/agencia transcriptor |
BNPHU |
| 082 ## - NÚMERO DE LA CLASIFICACIÓN DECIMAL DEWEY |
| Número de clasificación |
070.97293 |
| Número de documento/Ítem |
M351a, 1998 |
| 100 1# - ENTRADA PRINCIPAL--NOMBRE DE PERSONA |
| Nombre de persona |
Mármol. Víctor A., |
| Fechas asociadas al nombre |
1943- |
| 9 (RLIN) |
87 |
| 245 10 - MENCIÓN DE TÍTULO |
| Título |
Apuntes para la historia del periodismo dominicano / |
| Mención de responsabilidad, etc. |
Víctor A. Mármol. |
| 250 ## - MENCIÓN DE EDICIÓN |
| Mención de edición |
2a. ed. |
| 260 ## - PUBLICACIÓN, DISTRIBUCIÓN, ETC. |
| Lugar de publicación, distribución, etc. |
Santo Domingo : |
| Nombre del editor, distribuidor, etc. |
El Caribe, |
| Fecha de publicación, distribución, etc. |
1998. |
| 300 ## - DESCRIPCIÓN FÍSICA |
| Extensión |
64 p. : |
| Otras características físicas |
il. ; |
| Dimensiones |
22 cm. |
| 505 0# - NOTA DE CONTENIDO CON FORMATO |
| Título |
Dedicatoria, -- |
| -- |
Explicación -- |
| -- |
A manera de prólogo -- |
| -- |
Origen histórico -- |
| -- |
Primera declaración de libertad de imprenta en la parte española -- |
| -- |
Primer periódico -- |
| -- |
Inicio del diarismo -- |
| -- |
Publicaciones post-independencia -- |
| -- |
Periodismo moderno -- |
| -- |
Periodistas en favor de la colegiación -- |
| -- |
Periodistas contrario a la colegiación, -- |
| -- |
Situación económica -- |
| -- |
Tiradas de periódicos -- |
| -- |
Revistas -- |
| -- |
Historia de la radio y la televisión -- |
| -- |
Publicaciones de interés histórico o literario. |
| 590 ## - NOTA LOCAL (RLIN) |
| Nota local |
Inventariado,2018/DG |
| 650 #4 - PUNTO DE ACCESO ADICIONAL DE MATERIA--TÉRMINO DE MATERIA |
| Término de materia o nombre geográfico como elemento de entrada |
Periodismo |
| Subdivisión general |
Historia |
| Subdivisión geográfica |
República Dominicana |
| 9 (RLIN) |
88 |
| 650 #4 - PUNTO DE ACCESO ADICIONAL DE MATERIA--TÉRMINO DE MATERIA |
| Término de materia o nombre geográfico como elemento de entrada |
Prensa |
| Subdivisión general |
História |
| Subdivisión geográfica |
República Dominicana |
| 9 (RLIN) |
89 |
| 650 #4 - PUNTO DE ACCESO ADICIONAL DE MATERIA--TÉRMINO DE MATERIA |
| Término de materia o nombre geográfico como elemento de entrada |
Medios de comunicacion de masas |
| Subdivisión general |
História |
| Subdivisión geográfica |
República Dominicana |
| 9 (RLIN) |
90 |
| 910 ## - DATOS DE OPCIÓN DEL USUARIO (OCLC) |
| Datos de opción del usuario |
Validado. Control de calidad. MFF |